La teoría de Galois /
Guardado en:
| Autor Principal: | |
|---|---|
| Otros Autores: | |
| Formato: | Libro |
| Idioma: | Spanish English |
| Publicado: |
Barcelona :
Vicens-Vives,
1970.
|
| Series: | Colección de matemáticas "Nuevo límite"
|
| Etiquetas: |
Agregar Etiqueta
Sin Etiquetas, Sea el primero en etiquetar este registro!
|
| LEADER | 00661nam a22001695a 4500 | ||
|---|---|---|---|
| 001 | MAT.inmabb007135 | ||
| 008 | 180704s1970####sp############000#0#spa#d | ||
| 005 | 20180801112723.0 | ||
| 245 | 1 | 3 | |a La teoría de Galois / |c Emil Artin ; con un suplemento sobre Aplicaciones de Arthur N. Milgram ; traducción y prólogo de R. Rodríguez Vidal. |
| 260 | |a Barcelona : |b Vicens-Vives, |c 1970. | ||
| 300 | |a 79 p. ; |c 20 cm. | ||
| 440 | 0 | |a Colección de matemáticas "Nuevo límite" | |
| 100 | 1 | |a Artin, Emil, |d 1898-1962. | |
| 700 | 1 | 2 | |a Milgram, Arthur N. |q (Arthur Norton), |d 1912- |
| 084 | |a 12F10 (01A75 11R32) |2 msc2000 | ||
| 041 | 1 | |a spa |h eng | |
| 859 | |h 12 |i Ar791e |p A-9210 |b BIB. MATEMATICA | ||
